000 00672cam a22002171 4500
001 sa 64007472
003 DLC
005 20260227112047.0
008 890317m19639999io ac 000 0 ind
010 _asa 64007472
035 _a(OCoLC)23560754
040 _aDLC
_cMiU
_dDLC
042 _apremarc
043 _aa-io---
050 0 0 _aJQ779.A55
_bA75 1962
111 2 _aPartai Komunis Indonesia. Kongres
_n(7th :
_d1962 :
_cDjakarta)
245 1 0 _aMadju terus; dokumen-dokumen Kongres Nasional ke-VII (luarbiasa)
260 _a[Djakarta,
_bJajasan Pembaruan,
_c1963-]
300 _av.
_billus., ports.
_c20 cm.
651 0 _aIndonesia
_xPolitics and government
_y1950-1966.
999 _c60281
_d60281